Music Quiz

Random Music or Clickable Quiz

Eek! Rhymes In Song Lyrics Quiz Stats

Quiz Updated Mar 2, 2016

Also try: Lyric Pop Quiz
Challenge
Share
Tweet
Embed
Score 0/28 Timer 09:00
9 Plays Today
% Correct
weak
88.8%
streak
87.5%
squeak
87%
sneak
86.1%
week
85.6%
peak
85.2%
cheek
84.9%
creek
82.9%
seek
82.5%
boutique
81.4%
creak
80.2%
tweak
80%
wreak
79.5%
speak
79.3%
% Correct
leak
79.3%
peek
78.3%
technique
78.2%
bleak
75.1%
beak
71.7%
reek
69.2%
sheik
65.5%
chic
64.3%
mystique
59.9%
freak
59.9%
meek
57.1%
sleek
51.5%
antique
50.6%
unique
47.7%

You're not logged in!

Compare scores with friends on all Sporcle quizzes.
Join for Free
OR
Log In

You Might Also Like...

Show Comments

Extras

Top Quizzes Today


Score Distribution

Your Account Isn't Verified!

In order to create a playlist on Sporcle, you need to verify the email address you used during registration. Go to your Sporcle Settings to finish the process.

Report this User

Report this user for behavior that violates our Community Guidelines.

Details: